000
00285 a2200133 4500
001
155818
040
_c
Escola São Tomás de Aquino
100
_a
BUENO, Elaine
240
1
0
_a
Projeto Jimboê
_l
por
245
1
0
_a
Projeto Jimboê
300
_a
183
697
_a
CIÊNCIAS
942
_c
BK
999
_c
155818
_d
155818